• 首页
  • 本馆介绍
  • 公告通知
  • 最新文献
  • 馆藏检索
  • 电子资源
  • 读者导购
  • 参考咨询
  • 我的图书馆
  • 登录
  • 详细信息显示
  • 放入我的书架
  • 预约/预借图书
  • 作者相关作品
  • 分类相关作品
  • 丛书相关作品
  • 出版社相关作品

书目信息

  • 表格格式
  • 工作单格式
  • 卡片格式
题名:
人的潜能和价值
    
 
作者: 马斯洛 著 ;林方 主编
分册:  
出版信息: 北京   华夏出版社  1987
页数: 515页
开本: 20cm
丛书名: 二十世纪文库
单 册:
中图分类: C5
科图分类:
主题词: 社会科学--丛书 , 社会科学--文集 , 社会科学--连续出版物
电子资源:
ISBN: 7-80053-059-0
000 00923nam2 2200289 45
001 0187016413
005 20050614165118.1
010    @a7-80053-059-0@dCNY3.85
100    @a19951109d1987 em y0chiy0121 ea
101 1  @achi@ceng
102    @aCN@b110000
105    @ay z 000yy
200 10 @a人的潜能和价值@Aren de qian neng he jia zhi@e人本主义心理学译文集@ERenBen Zhu Yi Xin Li Xue Yi Wen Ji@f(美)马斯洛等著@F(Mei)Ma Si Luo Deng Zhu@g林方主编
210    @a北京@c华夏出版社@d1987
215    @a515页@d20cm
225 2  @a二十世纪文库
410    @120010@a二十世纪文库
517    @a人本主义心理学译文集@ARen Ben Zhu Yi Xin Li Xue Yi Wen Ji
606 0  @a社会科学@x丛书
606 0  @a社会科学@x文集
606 0  @a社会科学@x连续出版物
690    @aC5@v3
701  0 @a马斯洛@4著
702  0 @a林方@4主编@Alin fang
801  0 @aCN@b深圳图书馆@c20040506
801  2 @aCN@bNLC@c20040506
905    @dC5@e40:1@f1@b201916
    
    人的潜能和价值:人本主义心理学译文集/(美)马斯洛等著/林方主编.-北京:华夏出版社,1987
    515页;20cm.-(二十世纪文库)
    
    
    ISBN 7-80053-059-0:CNY3.85
    
●
相关链接 在E读中查询图书 在五车中查询图书 在当当中查询图书 在豆瓣中查询图书


正题名:人的潜能和价值     索取号:C5/40:1         预约/预借

序号 登录号 条形码 馆藏地/架位号 状态 备注
1 0201915   001120600   第一借阅区/ [索取号:C5/40:1] 在馆    
2 0201916   202109574   第一样本阅览室/ [索取号:C5/40:1] 在馆    
唐山师范学院图书馆 欢迎您!
大连网信软件有限公司© 版权所有